নন্দিত বেদনা / (Record no. 194612)
[ view plain ]
| 000 -LEADER | |
|---|---|
| fixed length control field | 00648nam a22001817a 4500 |
| 003 - CONTROL NUMBER IDENTIFIER | |
| control field | BD-DhUL |
| 005 - DATE AND TIME OF LATEST TRANSACTION | |
| control field | 20170508170313.0 |
| 008 - FIXED-LENGTH DATA ELEMENTS--GENERAL INFORMATION | |
| fixed length control field | 170508b1999 bg ||||| |||| 00| 0 ben d |
| 040 ## - CATALOGING SOURCE | |
| Transcribing agency | BD-DhUL |
| 082 ## - DEWEY DECIMAL CLASSIFICATION NUMBER | |
| Classification number | 891.441 |
| Item number | JAN |
| 100 ## - MAIN ENTRY--PERSONAL NAME | |
| Personal name | জাফর, জাকির আবু |
| 245 ## - TITLE STATEMENT | |
| Title | নন্দিত বেদনা / |
| Statement of responsibility, etc. | জাকির আবু জাফর |
| 260 ## - PUBLICATION, DISTRIBUTION, ETC. (IMPRINT) | |
| Place of publication, distribution, etc. | ঢাকা : |
| Name of publisher, distributor, etc. | এপারেন্ট মিডিয়া, |
| Date of publication, distribution, etc. | ১৯৯৯ |
| 300 ## - PHYSICAL DESCRIPTION | |
| Extent | ৪৮ পৃ. : |
| Dimensions | ২১ সে.মি. |
| 650 ## - SUBJECT ADDED ENTRY--TOPICAL TERM | |
| Topical term or geographic name as entry element | বাংলা সাহিত্য-কবিতা |
| 651 ## - SUBJECT ADDED ENTRY--GEOGRAPHIC NAME | |
| Source of heading or term | Bengali literature-poetry |
| 942 ## - ADDED ENTRY ELEMENTS (KOHA) | |
| Source of classification or shelving scheme | |
| Koha item type | Books |
| Price effective from | Date last seen | Permanent Location | Not for loan | Date acquired | Source of classification or shelving scheme | Koha item type | Lost status | Withdrawn status | Copy number | Source of acquisition | Collection code | Damaged status | Shelving location | Barcode | Current Location | Full call number |
|---|---|---|---|---|---|---|---|---|---|---|---|---|---|---|---|---|
| 2017-05-08 | 2017-05-08 | Dhaka University Library | Not For Loan | 2017-05-08 | Books | 1 | gift | Non Fiction | Dr. Aftab Ahmed Collection | 435008 | Dhaka University Library | 891.441 JAN |
